Vocabulaire du Corps ESPAGNOL 1 - Statistiques

Statistiques générales
  • Ce quiz a été pris 57 fois
  • Le résultat moyen est 14 sur 36
Statistiques - réponses
Hint Réponse % Correct
la main la mano
90%
le coeur el corazón
77%
le pied el pie
74%
le dos la espalda
74%
le bras el brazo
67%
la jambe la pierna
67%
l'épaule el hombro
62%
le sang el sangre
62%
le genou la rodilla
59%
l'ongle la uña
59%
l'estomac el estómago
54%
la poitrine el pecho
54%
le poumon el pulmón
54%
le coude el codo
49%
l'os el hueso
44%
le poignet la muñeca
41%
la clavicule la clavícula
38%
le muscle el músculo
36%
le foie el hígado
31%
le poing el puno
28%
la chair la carne
28%
l'omoplate el omóplato
23%
le pouce el pulgar
23%
la taille la cintura
23%
le nombril el ombligo
21%
la cheville el tobillo
21%
la hanche la cadera
21%
le côte la costilla
21%
la cuisse el muslo
18%
le rein el riñón
15%
l'aisselle la axila / el sobaco
13%
l'index el dedo índice
8%
le petit doigt el dedo meñique
8%
les fesses el trasero
8%
la vertèbre el vértebre
8%
le mollet la pantorrilla
8%
Aucun quiz correspondant
Distribution des résultats
% des personnes avec chaque résultat
Percentile par nombre de réponses
Votre historique - résultats
Vous n’avez pas pris ce quiz